| 000 | 01458nam a22002297a 4500 | ||
|---|---|---|---|
| 999 |
_c57334 _d57334 |
||
| 003 | Ge_BSU | ||
| 005 | 20200525132110.0 | ||
| 008 | 200525s2018ge xxu||||| |||| 00| 0 geo d | ||
| 020 | _a9789941956119 | ||
| 041 | _ageo | ||
| 080 | _a347.44 ზ-78 | ||
| 100 |
_aზოიძე, ბესარიონ. _98186 |
||
| 245 |
_aთანამედროვე სახელშეკრულებო სამართლის აქტუალური საკითხები _b თეორია, პრაქტიკა და განვითარების ტენდენციები / _cბესარიონ ზოიძე ; ირაკლი ბურდული. |
||
| 264 |
_aთბილისი : _bიურისტების სამყარო, _c2018. |
||
| 300 |
_a144 გვ. ; _c20 სმ. |
||
| 504 | _aბიბლიოგრ. ტექსტის შენიშვნებში. | ||
| 653 | _aსახელშეკრულებო სამართალი | ||
| 653 | _aსამართალი | ||
| 700 |
_aბურდული, ირაკლი _97029 |
||
| 710 |
_aთანამედროვე კერძო სამართლის ინ-ტი, საკორპორაციო, საბანკო და ეკონ. სამართლის ინ-ტი, თსუ, იურიდიული ფაკ-ტი. _98187 |
||
| 942 |
_2udc _cBK |
||